000 00335 a2200145 4500
020 _aN/S
040 _aISPLB
082 _a72
_b72
100 _91186
_aPORTO EDITORA
245 _aRegulamento Geral das Edificaė̳s Urbanas
260 _aLisboa,
_bPorto Editora
_c1990.
300 _a95p
650 _aArquitectura
942 _cLivros
999 _c2359
_d2359